| 000 | 00906nam a22002417a 4500 | ||
|---|---|---|---|
| 005 | 20240530110458.0 | ||
| 008 | 150617s2010 ua adokf 000 0 ara d | ||
| 017 |
_a2010/7387 _bمصر . دار الكتب المصرية |
||
| 020 | _a9789772879454 | ||
| 040 | _aEG-CaGPL | ||
| 082 | 0 | 4 |
_221 _a622.1828\ _bم ح |
| 100 | 0 | _aمحمد بكير مصطفى | |
| 245 | 1 | 2 |
_aالحفر البترولى = Drilling Operation Job / _cاعداد و تاليف محمد بكير مصطفى |
| 250 | _aط1 | ||
| 260 |
_aالقاهرة : _bدار الكتب العلمية للنشر و التوزيع ، _c2010 . |
||
| 300 |
_a263 ص : _bايض ؛ _c24 سم . |
||
| 650 | 0 | 4 |
_aالبترول _xالتنقيب عن |
| 650 | 0 | 4 |
_aالبترول _xابار |
| 650 | 0 | 4 |
_aالبترول _xجيولوجيا |
| 650 | 0 | 4 | _aهندسة البترول |
| 942 |
_2ddc _cBK |
||
| 999 |
_c61411 _d61411 |
||